000 00813nam a2200265Ia 4500
003 OSt
005 20220930204351.0
006 a|||||r|||| 00| 0
007 ta
008 220926b |||||||| |||| 00| 0 eng d
024 _a44380
037 _cDissertations
040 _aCRL
_cCRL
_beng
041 _2eng
_aeng
100 _aGulati Nidhi Au.
_9566941
110 _aUniversity of Delhi. Faculty of Education. Departmen of Education
_9552836
245 0 _aConstruction of childhood in cinema
260 _c2017
300 _a258p.
_ccm.
650 _aEducation
700 _a Prof. Poonam Batra Gu.
_9538979
700 _aUniversity of Delhi. Faculty of Education. Departmen of Education
_9552838
942 _cDIS
_2CC
999 _c905939
_d905939